00911nam a2200241 a 450000100060000000300080000600500170001400800410003102000220007202000180009403500190011204000270013104100080015808200260016610000190019224500680021126000910027930000340037050400660040465000270047085600810049785600910057869799BD-RjUL20211209081927.0170413s2005 enka b 001 0 eng c a0340760842 (pbk.) a9780340760840 a(BD-RjUL)70011 aYUScYUSdBD-RjULbeng aeng00a519.535223bCOI 20051 aCox, Trevor F.13aAn introduction to multivariate data analysis /cTrevor F. Cox. aLondon :bHodder Arnold ;aNew York :bDistributed by Oxford University Press,cc2005. avii, 232 p. :bill. ;c24 cm. aIncludes bibliographical references (p. [225]-226) and index. 0aMultivariate analysis.413Table of contents onlyuhttp://www.loc.gov/catdir/toc/fy0701/2006298168.html423Publisher descriptionuhttp://www.loc.gov/catdir/enhancements/fy0722/2006298168-d.html